Hijo de ladrón

Guardat en:
Dades bibliogràfiques
Autor principal: Rojas, Manuel (Autor)
Format: Llibre
Idioma:espanyol
Publicat: Santiago Zig-Zag 1984
Edició:1a. ed
Col·lecció:Los Grandes de la Literatura Chilena
Matèries:
Etiquetes: Afegir etiqueta
Sense etiquetes, Sigues el primer a etiquetar aquest registre!

MARC

LEADER 00000cam a2200000 a 4500
001 UCH6717
003 CL-VaPUC
008 091109e19840000CL |||||||||||||||||spa|d
082 0 4 |a Ch863  |b ROJ  |2 21 
100 0 |a Rojas, Manuel  |e author  |9 313776 
245 1 0 |a Hijo de ladrón 
250 |a 1a. ed 
300 |a 255 p 
942 |c BK 
945 |d 20091109 00:00:00  |a lazolas 
260 |a Santiago  |b Zig-Zag  |c 1984 
650 0 |a Novelas chilenas   |9 265425 
650 0 |a Literatura chilena   |9 308278 
583 |a last modification  |c 20160520 16:17:27  |k Rodrigo Vera 
490 0 |a Los Grandes de la Literatura Chilena 
999 |c 337550  |d 337548